Famous people who died in traffic accidents #2 - Statistics

General Stats
  • This quiz has been taken 8 times
  • The average score is 3 of 16
Answer Stats
Picture Answer % Correct
Jayne Mansfield
88%
Sam Kinison
63%
Treat Williams
50%
David Halberstam
38%
Janet Gaynor
38%
Astrid of Sweden
0%
Clay Regazzoni
0%
Desmond Llewelyn
0%
Joe Ranft
0%
Jörg Haider
0%
Kelvin Kiptum
0%
Lars Vilks
0%
Linda Lovelace
0%
Neilia Hunter
0%
Pål Arne Fagernes
0%
Patrick Grimlund
0%
No matching quizzes found
Score Distribution
Percent of People with Each Score
Percentile by Number Answered
Your Score History
You have not taken this quiz